000 00277nam a2200109Ia 4500
008 190216s9999||||xx |||||||||||||| ||und||
100 _aGupta Cb & Srinivasan Np
245 0 _aEntrepreneurial Development
260 _bSulthan Chand&Sons
_c1996
300 _a680p
942 _cBK
999 _c5581
_d5581